Nova reflexió sobre l'obra d'Enric Valor / (Record no. 186765)

MARC details
000 -LEADER
campo de control de longitud fija 01215nam a2200313 i 4500
001 - NÚMERO DE CONTROL
campo de control 186765
003 - IDENTIFICADOR DE NÚMERO DE CONTROL
campo de control SpMaBN
005 - FECHA Y HORA DE LA ÚLTIMA TRANSACCIÓN
campo de control 20251003152526.0
008 - DATOS DE LONGITUD FIJA--INFORMACIÓN GENERAL
campo de control de longitud fija 170213s2011 sp |||| |dval
020 ## - NÚMERO INTERNACIONAL ESTÁNDAR DEL LIBRO
Número Internacional Estándar del Libro 978-84-608-1246-3
080 ## - NÚMERO DE LA CLASIFICACIÓN DECIMAL UNIVERSAL
Número de la Clasificación Decimal Universal 821.134.1'282(460.31) Valor, Enric 1.07
245 00 - MENCIÓN DEL TÍTULO
Título Nova reflexió sobre l'obra d'Enric Valor /
Mención de responsabilidad, etc. edició a cura de Gemma Lluch i Josep M. Baldaquí.
250 ## - MENCION DE EDICION
Mención de edición 1ª ed.
260 ## - PUBLICACIÓN, DISTRIBUCIÓN, ETC.
Lugar de publicación, distribución, etc. Alacant :
Nombre del editor, distribuidor, etc. Institut Interuniversitari de Filologia Valenciana,
Fecha de publicación, distribución, etc. 2011.
300 ## - DESCRIPCIÓN FÍSICA
Extensión 146 p. ;
Dimensiones 23 cm.
490 1# - MENCIÓN DE SERIE
Mención de serie Symposia philologica ;
Designación de volumen o secuencia 20
504 ## - NOTA DE BIBLIOGRAFÍA, ETC.
Nota de bibliografía, etc. Bibliografía: p. [137]-147.
546 ## - NOTA DE IDIOMA
Nota de lengua/lenguaje Texto en valenciano.
600 17 - PUNTO DE ACCESO ADICIONAL DE MATERIA--NOMBRE DE PERSONA
Nombre de persona Valor, Enric-
Subdivisión general Crítica e interpretación.
9 (RLIN) 161721
700 1# - ENTRADA AGREGADA--NOMBRE PERSONAL
Nombre de persona Lluch, Gemma,
Fechas asociadas al nombre 1958-
9 (RLIN) 161722
700 1# - ENTRADA AGREGADA--NOMBRE PERSONAL
Nombre de persona Baldaquí Escandell, Josep M.
9 (RLIN) 161723
710 2# - ENTRADA AGREGADA--NOMBRE DE ENTIDAD CORPORATIVA
Nombre de entidad corporativa o nombre de jurisdicción como elemento de entrada Institut Interuniversitari de Filologia Valenciana.
9 (RLIN) 161724
830 0# - PUNTO DE ACCESO ADICIONAL DE SERIE-TÍTULO UNIFORME
Título uniforme Symposia philologica ;
Designación de volumen o secuencia 20
9 (RLIN) 192597
852 ## - LOCALIZACIÓN
Ubicación ES-MaACL
Número de control de estantería A-14031
itemnumber 193822
Sublocalización o colección R.151342
Ubicación en estantería Depósito 1
Signatura antigua Olim: N-7031
Donativo/Legado Donación: Real Academia Española
914 ## - NOMBRE ENTIDAD DE DONANTE
RLIN 6336
Nombre de congreso/reunión o jurisdicción como elemento de entrada Real Academia Española
Unidad subordinada Donante
942 ## - ELEMENTOS DE ENTRADA SECUNDARIOS (KOHA)
Fuente del sistema de clasificación o colocación Clasificación decimal universal
Tipo de ítem Koha Libro impreso
Holdings
Estatus retirado Estado de pérdida Fuente del sistema de clasificación o colocación Estado de daño No para préstamo Biblioteca de origen Biblioteca actual Ubicación en estantería Fecha de adquisición Fuente de adquisición Total de préstamos Signatura topográfica completa Código de barras Visto por última vez Precio de reemplazo Tipo de ítem Koha
    Clasificación decimal universal     Biblioteca del Ateneo de Madrid Biblioteca del Ateneo de Madrid Depósito 1 13/02/2017 Donación   A-14031 1197000 23/02/2023 23/02/2023 Libro impreso